HOTEL HOUSEKEEPING OPERATIONS AND MANAGEMENT (Record no. 22731)

MARC details
000 -LEADER
fixed length control field 00310nam a22001337a 4500
003 - CONTROL NUMBER IDENTIFIER
control field SGT
020 ## - INTERNATIONAL STANDARD BOOK NUMBER
International Standard Book Number 0-19-806109-9
082 ## - DEWEY DECIMAL CLASSIFICATION NUMBER
Classification number 648
Item number RAG
100 ## - MAIN ENTRY--PERSONAL NAME
Personal name RAGHUBALAN, G.
245 ## - TITLE STATEMENT
Title HOTEL HOUSEKEEPING OPERATIONS AND MANAGEMENT
260 ## - PUBLICATION, DISTRIBUTION, ETC. (IMPRINT)
Place of publication, distribution, etc NEW YOURK
Name of publisher, distributor, etc OXFOARD
Year of Publication 2010
300 ## - PAGE DESCRIPTION
No. of Pages 732
942 ## - ADDED ENTRY ELEMENTS (KOHA)
Source of classification or shelving scheme Dewey Decimal Classification
Koha item type Books
942 ## - ADDED ENTRY ELEMENTS (KOHA)
-- 18
Holdings
Withdrawn status Lost status Source of classification or shelving scheme Damaged status Not for loan Collection code Home library Current library Shelving location Date acquired SGTU Total Checkouts Full call number Accession No. (Barcode) Date last seen Date last borrowed Bill Date Koha item type
    Dewey Decimal Classification     HOTEL MANAGEMENT SGT Science & Social Sciences Library SGT Science & Social Sciences Library Text Book 23/05/2022 SGTU 18 648 RAG HM1255 03/01/2025 27/12/2024 23/05/2022 Books